| 000 | 00577nam a2200205Ia 4500 | ||
|---|---|---|---|
| 003 | OSt | ||
| 005 | 20250421121359.0 | ||
| 008 | 220927b |||||||| |||| 00| 0 eng d | ||
| 020 | _a9781472142689 | ||
| 040 |
_aSDCL _cSDCL _beng |
||
| 041 |
_2eng _aeng |
||
| 084 | _aMY Q8 LR | ||
| 100 |
_aMoore, Gareth _9412028 |
||
| 245 | 0 | _aWorld puzzle championship challenge | |
| 260 |
_aLondon : _bConstable & Robinson, _c2018. |
||
| 300 | _a304p. | ||
| 650 |
_aReference _9752557 |
||
| 942 |
_cGB _2CC _n0 |
||
| 999 |
_c727756 _d727756 |
||